Take on the World- Sabrina Carpenter and Rowan Blanchard - Statistics

General Stats
  • This quiz has been taken 227 times
  • The average score is 10 of 12
Answer Stats
Hint Answer % Correct
On the edge of _________ wonderful something
96%
I feel alright I'm gonna ____ __ the world take on
95%
I've been waiting for a day____ ____ __ ____ like this to come
93%
Cause I got you to ____ it with me live
87%
I'm _______ oh oh oh, oh oh oh ooh singing
84%
I'm singing __ __ __, oh oh oh ooh oh oh oh
81%
Light up ___ _____ I've got some pages to turn the stars
80%
______ ____ _________ my heart's beating like a drum Struck like lightning
78%
Face to ____ ____ _______ what's it all about? face with changes
76%
Life is crazy but _ ____ _ ___ work it out I know i can
74%
I've got a ______ __ ___ top of the sky ticket to the
67%
I'm comin up I'm on the ____ __ __ _____ ride of my life
64%
No matching quizzes found
Score Distribution
Percent of People with Each Score
Percentile by Number Answered
Your Score History
You have not taken this quiz